best capitals of the world - Statistics

General Stats
  • This quiz has been taken 17 times
  • The average score is 11 of 30
Answer Stats
Hint Answer % Correct
4 Singapore
64%
3 London UK
57%
18 Madrid Spain
57%
6 Paris France
57%
9 Rome Italy
57%
14 Berlin Germany
50%
29 Buenos aires Argentina
50%
20 Dublin Ireland
50%
10 Seoul South korea
50%
5 Tokyo Japan
50%
22 Beijing China
43%
23 Brussels Belgium
43%
15 Cairo Egypt
43%
26 Copenhagen Denmark
43%
17 Moscow Russia
43%
30 Stockholm Sweden
43%
12 Amsterdam Netherlands
36%
16 Athens Greece
36%
25 Lisbon Portugal
36%
28 Warsaw Poland
36%
2 Bangkok Thailand
29%
24 Budapest Hungary
29%
11 Prague Czechia
29%
13 Vienna Austria
29%
7 Kuala Lumpur Malaysia
21%
1 Hong Kong
14%
21 Hanoi Veitnam
0%
8 New Delhi India
0%
19 Riyadh Saudi Arbia
0%
27 Tel aviv Israel
0%
No matching quizzes found
Score Distribution
Percent of People with Each Score
Percentile by Number Answered
Your Score History
You have not taken this quiz